UK Place Name Chain Game - Statistics

General Stats
  • This quiz has been taken 255 times
  • The average score is 9 of 20
Answer Stats
Hint Answer % Correct
Walled city in the north of England York
94%
Second largest city in Wales Swansea
84%
City on the River Clyde Glasgow
71%
Comprises a city along with Brighton Hove
69%
Berkshire town, to the west of London Reading
62%
Most easterly official city in the UK Norwich
56%
Largest town on the Orkney Islands Kirkwall
47%
Town with a racecourse, on the Firth of Clyde Ayr
46%
Town on the English Riviera Torquay
43%
Cathedral city in North Yorkshire Ripon
41%
County town of Dorset Dorchester
36%
Welsh city with a transporter bridge Newport
36%
Town with castle on the edge of Snowdonia Harlech
31%
Its cathedral has a copy of the Mappa Mundi Hereford
29%
Midland city with a cathedral with three spires Lichfield
28%
City linked to Lincoln by the Roman Fosse Way Exeter
26%
Kent headland with lighthouse and power station Dungeness
24%
Town on the edge of Sherwood Forest Worksop
16%
Industrial town and port on the River Mersey Runcorn
14%
Seaside resort on the coast of County Antrim Portrush
10%
No matching quizzes found
Score Distribution
Percent of People with Each Score
Percentile by Number Answered
Your Score History
You have not taken this quiz